00515nam a2200121Ia 4500008004100000100002500041245010000066245002400166260000900190300002800199440004400227650012200271171207s9999 xx 000 0 und d aGiacomantonio, Chris aGrant-Maximizing but not Money-Making: A Simple Decision-Tree Analysis for Social Impact Bonds  cChris Giacomantonio c2017 apages 47-66, March 2017 aJournal of Social Entrepreneurshipv8:1 aSocial impact bonds, impact investing, decision analysis, decision tree, government commissioning, payment by results